| 000 | 00549nam a2200169 4500 | ||
|---|---|---|---|
| 001 | 126638 | ||
| 003 | ES-MaACL | ||
| 005 | 20230906192843.0 | ||
| 007 | t| | ||
| 008 | 070214s1932 sp r ||||1| spa d | ||
| 100 | 1 |
_aResa, Rafael. _996311 |
|
| 245 | 1 | 0 |
_aManual de Propedéutica quirúrgica / _cpor el Doctor Rafael Resa ; prólogo del Profesor Dionosisio Herrero. |
| 260 |
_aMadrid : _b[s. n.], _c1932 ( _fImp. Sèz Hermanos) |
||
| 300 |
_aX, 1 h., 363 p. : _bil. ; _c25 cm. |
||
| 700 | 1 |
_aHerrero, Dionisio. _963262 |
|
| 852 |
_aES-MaACL _jE-1368 |
||
| 999 |
_c126638 _d126638 |
||